[Event "Douglas Major & Minor op"]
[Site "Douglas"]
[Date "2023.11.03"]
[Round "7"]
[White "Cross, Kyle"]
[Black "Towers, Brian"]
[Result "0-1"]
[WhiteElo "1664"]
[BlackElo "1703"]
[PlyCount "96"]
[EventDate "2023.10.28"]
[EventType "swiss"]
[EventRounds "7"]
[EventCountry "IOM"]
[SourceTitle "CBM 217 Extra"]
[Source "ChessBase"]
[SourceDate "2024.01.31"]
[SourceVersion "1"]
[SourceVersionDate "2024.01.31"]
[SourceQuality "1"]

1. c4 e5 2. Nc3 Bc5 3. d3 a6 4. Nf3 d6 5. g3 f5 6. e3 Nf6 7. d4 exd4 8. exd4 Bb4 9. Bd2 0-0 10. Bd3 Qe8+ 11. Qe2 Qxe2+ 12. Nxe2 Bxd2+ 13. Nxd2 Nc6 14. 0-0 Nb4 15. Bb1 d5 16. a3 Nc6 17. cxd5 Nxd5 18. Ba2 Nce7 19. Nc3 c6 20. Rfe1 Kh8 21. Nxd5 Nxd5 22. Bxd5 cxd5 23. Re5 f4 24. Rxd5 fxg3 25. hxg3 b5 26. Re5 Bb7 27. Rd1 Rf6 28. Nb3 Rh6 29. Kf1 Rh1+ 30. Ke2 Bf3+ 31. Kxf3 Rxd1 32. Re2 Kg8 33. Kg4 Kf7 34. f4 Re8 35. Rc2 Re6 36. Rc7+ Kf8 37. Rc8+ Re8 38. Rc6 Ra8 39. Rc3 Ra7 40. Kf3 Ke7 41. Re3+ Kd6 42. f5 Re7 43. Rc3 Rf1+ 44. Kg4 Re4+ 45. Kg5 h6+ 46. Kg6 Rg4+ 47. Kh5 Rg5+ 48. Kh4 Rh1# 0-1